1729 1571 1993 1702 1633 1255 1483 1063 1030 1965 1653 1680 1670 1523 1067 1668 1928 1788 1090 1412 1945 1314 1743 1110 1090 1552 1403 1734 1249 1518 1130 1113 1424 1979 1391 1239 1058 1763 1931 1575 1950 1765 1359 1425 1755 1926 1129 1944 1941 1068 1313 1667 1862 1173 1303 1814 1876 1605 1075 1844 1975 1717 1809 1657 1582 1079 1034 1267 1175 1688 1189 1731 1079 1301 1366 1986 1915 1444 1362 1472 1828 1840 1297 1758 1547 1951 1948 1803 1016 1181 1249 1724 1870 1888 1269 1176 1911 1959 1122 BCNSPRNW ULIB Ver.6.0+V

เปลี่ยนเป็นภาษาไทย

Change to English
 แสดงรายละเอียดบรรณานุกรม
  กลับหน้าหลัก

Brief Record : Get Marc (ISO 2709) : E-mail record : QR code < ปิดหน้าต่าง
LEADER : 00000nam 2200000uu 4500
001    13399123062
003     ULIB
008    120216s2553||||th 000 0 tha d
060 04 ^aWY32^bค111พ
110 2  ^aคณะอนุกรรมการร่างข้อบังคับและระเบียบสภาการพยาบาล
245 10 ^aพระราชบัญญัติวิชาชีพการพยาบาลและการผดุงครรภ์ พ.ศ.2528และที่แก้ไขเพิ่มเติมโดยพระราชบัญญัติวิชาชีพการพยาบาลและการผดุงครรภ์ (ฉบับที่ 2) พ.ศ.2540/^cคณะอนุกรรมการร่างข้อบังคับและระเบียบสภาการพยาบาล
250    ^aพิมพ์ครั้งที่ 2
260    ^aกรุงเทพฯ :^bคณะอนุกรรมการร่างข้อบังคับและระเบียบสภาการพยาบาล,^c2553
300    ^a35 หน้า
650  4 ^aการพยาบาล^xกฎหมายและระเบียบข้อบังคับ
945    ^p15^l0^i20260
995    ^aทศพร
999    ^aใช้งานได้ทุกระบบ
รายการนี้ยังไม่มีแท็ก
คุณยังไม่ได้ล็อกอิน คุณสามารถมีกิจกรรมร่วมกับเว็บไซต์ได้ แต่ต้องล็อกอินก่อน ::
  ล็อกอิน

รายการสื่อสารสนเทศ

ลำดับที่ ประเภท เลขเรียก/บาร์โค้ด สถานที่ สถานะ
1. Book การพยาบาล
Book การพยาบาล
WY32 ค111พ ฉ.1 
  Barcode: 20260
ห้องสมุดวิทยาเขตนครสวรรค์
►ส่วนจัดเก็บหนังสือเก่า นว.
บนชั้น
  ขอยืม

รายการใกล้เคียง
    หัวเรื่อง [การพยาบาล กฎหมายและระเบียบข้อบังคับ]

BibComment


ยังไม่เคยถูกคอมเมนท์

คอมเมนท์ทรัพยากรรายการนี้
  คอมเมนท์: พระราชบัญญัติวิช..


 Copyright 2026. Bcnsprnw @Library